000 00287nam a2200133Ia 4500
100 _aEd. Landsberg/G.S
942 _cBK
654 _aPhysics
245 _aText Book Of Elementary Physics III
260 _bMir Publishers
_c1972
082 _a530
300 _a502
546 _aENGLISH
999 _c23647
_d23647